000 00546nam a2200157 i 4500
001 25571
003 ES-MaACL
005 20230906153308.0
007 t|
008 021227s1911 sp ||||1| spa d
100 1 _aArias de Velasco y Lúgigo, Jesús.
_922777
245 1 0 _aUniversidad Literaria de Oviedo
_b: discurso leído en la solemne apertura del curso académico de 1911-12 /
_cJesús Arias de Velasco y Lúgigo.
260 _aOviedo :
_b[s.n.,
_c1911]
710 2 _aUniversidad Literaria de Oviedo.
_97389
852 _aES-MaACL
_jT-1182-F-6
999 _c25571
_d25571